| 000 | 00472nam a22001697a 4500 | ||
|---|---|---|---|
| 005 | 20230118120715.0 | ||
| 008 | 221221b |||||||| |||| 00| 0 eng d | ||
| 020 | _a978-81312-6211-5 | ||
| 041 | _aeng | ||
| 082 | _a616.07-SIN- R | ||
| 100 |
_aSINGH ,MANOJ .K AND KUMAR , VINAY _97436 |
||
| 245 | _aROBBINS & CORTAN PATHOLOGIC BASIC OF DISEASE -VOL- II | ||
| 250 | _a10th ed. | ||
| 260 |
_bELSEVIER _c2021 |
||
| 650 |
_aBPT PHARMACY _xD.PHARMA _97471 |
||
| 942 | _cBK | ||
| 999 |
_c8179 _d8177 |
||